Trouve ces personnages de Démon Slayer - Statistiques

Statistiques générales
  • Ce quiz a été pris 815 fois
  • Le résultat moyen est 13 sur 16
Statistiques - réponses
Par images Réponse % Correct
Tanjiro
99%
Nezuko
98%
Rengoku
95%
Muzan
93%
Inosuke
88%
Tengen
88%
Zenitsu
88%
Akaza
86%
Mitsuri
82%
Shinobu
79%
Kanao
77%
Tokito
69%
Kanae
67%
Aoi
61%
Enmu
61%
Kagaya
50%
Aucun quiz correspondant
Distribution des résultats
% des personnes avec chaque résultat
Percentile par nombre de réponses
Votre historique - résultats
Vous n’avez pas pris ce quiz